Größte Städte nach Land #6 - Statistiken

Allgemein
  • Dieses Quiz wurde 63 mal gespielt
  • Das Durchschnittsergebnis liegt bei 17 aus 30
Antwortstatistiken
Antwort % Korrekt
Prag
100%
Amsterdam
98%
Kairo
98%
Rotterdam
98%
Seoul
98%
Bern
96%
Zürich
96%
Genf
91%
Basel
84%
Caracas
82%
Den Haag
80%
Alexandria
77%
Pilsen
71%
Eindhoven
66%
Brünn
55%
Lausanne
55%
Busan
50%
Utrecht
50%
Gizeh
46%
Ostrava
38%
Daegu
25%
Incheon
23%
Maracaibo
21%
Olmütz
21%
Port Said
20%
Barquisimeto
13%
Valencia
13%
Daejeon
7%
Maracay
7%
Schubra al-Chaima
4%
Keine übereinstimmenden Quizze gefunden
Verteilung der Resultate
Anzahl Personen mit jedem Resultat
Perzentil nach korrekt beantworteten Fragen
Ihre Resultats-Entwicklung
Sie haben dieses Quiz noch nicht gespielt